[Event "73rd NED-ch"]
[Site "Amsterdam NED"]
[Date "2017.06.26"]
[Round "1"]
[White "Burg, Twan"]
[Black "Sokolov, Ivan"]
[Result "1/2-1/2"]
[WhiteElo "2518"]
[BlackElo "2625"]
[EventDate "2017.06.26"]
[PlyCount "69"]

1.e4 c5 2.Nf3 d6 3.d4 cxd4 4.Nxd4 Nf6 5.Nc3 Nc6 6.Bg5 e6 7.Qd2 Be7 8.O-O-O
O-O 9.f4 Nxd4 10.Qxd4 Qa5 11.e5 dxe5 12.Qxe5 Qxe5 13.fxe5 Nd5 14.Bxe7 Nxe7
15.Bd3 Nc6 16.Rhe1 Rd8 17.Be4 Bd7 18.Nb5 Rab8 19.Nd6 Nxe5 20.Bxb7 f6 21.b3
Kf8 22.c4 Ke7 23.c5 a5 24.Re3 Be8 25.Rc3 Bc6 26.Bxc6 Nxc6 27.a3 e5 28.Nf5+
Kf7 29.Rd6 Rdc8 30.Kb2 g6 31.Ne3 Nd4 32.Rd7+ Ke6 33.Rd6+ Kf7 34.Rd7+ Ke6 
35.Rd6+ 1/2-1/2

[Event "73rd NED-ch"]
[Site "Amsterdam NED"]
[Date "2017.06.26"]
[Round "1"]
[White "Van Foreest, Jorden"]
[Black "Ernst, Sipke"]
[Result "0-1"]
[WhiteElo "2606"]
[BlackElo "2535"]
[EventDate "2017.06.26"]
[PlyCount "66"]

1.e4 e5 2.Nf3 Nc6 3.Bc4 Bc5 4.c3 Nf6 5.d3 d6 6.a4 a6 7.O-O Ba7 8.Bg5 h6 9.
Be3 O-O 10.Nbd2 Ne7 11.Nh4 c6 12.Bb3 Bg4 13.Qe1 g5 14.Nhf3 Ng6 15.Bxa7 
Rxa7 16.Qe3 Ra8 17.Rfe1 Kg7 18.Nf1 Be6 19.Bc2 Nh5 20.d4 g4 21.N3d2 Nhf4 
22.dxe5 dxe5 23.Red1 Qg5 24.Qc5 b6 25.Qxb6 Rab8 26.Qxa6 Nh4 27.Ne3 Rxb2 
28.g3 Nh3+ 29.Kf1 f5 30.Rab1 Qxe3 31.fxe3 fxe4+ 32.Nf3 Rxf3+ 33.Ke1 Ng2+ 
0-1

[Event "73rd NED-ch"]
[Site "Amsterdam NED"]
[Date "2017.06.26"]
[Round "1"]
[White "Van Wely, Loek"]
[Black "Bok, Benjamin"]
[Result "1-0"]
[WhiteElo "2675"]
[BlackElo "2600"]
[EventDate "2017.06.26"]
[PlyCount "117"]

1.d4 Nf6 2.Nf3 g6 3.Bg5 Bg7 4.Nbd2 O-O 5.e4 d6 6.c3 c5 7.dxc5 dxc5 8.Bc4 
Nc6 9.Qe2 Qc7 10.O-O Na5 11.Bd3 h6 12.Bh4 Nh5 13.Bg3 Nxg3 14.hxg3 Rd8 15.
Nc4 Bd7 16.a4 Nxc4 17.Bxc4 a6 18.a5 e6 19.Nh2 Bc6 20.f4 Qd7 21.Rf2 Bb5 22.
Nf3 Qc6 23.e5 Rd7 24.b3 Rad8 25.Qc2 Bf8 26.Nd2 Be7 27.Ne4 h5 28.Qe2 Kg7 
29.Kh2 Rd3 30.Qe1 R3d7 31.Qe2 Rd3 32.Re1 R3d7 33.Rc1 Ra8 34.Rff1 Rad8 35.
Rfe1 Kg8 36.Kg1 Kg7 37.Kh2 Kf8 38.Kh3 Kg7 39.g4 Bxc4 40.bxc4 Rd3+ 41.g3 h4
42.g5 hxg3 43.Kg4 Qa4 44.Nd6 R3xd6 45.exd6 Bxd6 46.Rcd1 Kf8 47.Qe4 Qxa5 
48.Qxb7 Qxc3 49.Qxa6 g2 50.Qc6 Kg7 51.Qxg2 Qxc4 52.Qb2+ Kf8 53.Qh8+ Ke7 
54.Qf6+ Ke8 55.Rd2 Bc7 56.Rh2 Rd4 57.Rh8+ Kd7 58.Qxf7+ Kd6 59.Rh7 1-0

[Event "73rd NED-ch"]
[Site "Amsterdam NED"]
[Date "2017.06.26"]
[Round "1"]
[White "Van den Doel, Erik"]
[Black "l`Ami, Erwin"]
[Result "1-0"]
[WhiteElo "2573"]
[BlackElo "2610"]
[EventDate "2017.06.26"]
[PlyCount "73"]

1.e4 c6 2.d4 d5 3.exd5 cxd5 4.c3 Nc6 5.Bf4 Nf6 6.Nd2 Bf5 7.Ngf3 e6 8.Bb5 
Bd6 9.Bxd6 Qxd6 10.Ne5 O-O 11.Qe2 Ne4 12.Nb3 f6 13.Nxc6 bxc6 14.Bd3 Ng5 
15.Bxf5 exf5 16.O-O f4 17.f3 Rfe8 18.Qa6 Qc7 19.Rae1 Nf7 20.Na5 c5 21.Qc6 
Qxc6 22.Nxc6 cxd4 23.Rxe8+ Rxe8 24.Nxd4 Ne5 25.Rd1 Nc4 26.b3 Ne3 27.Rd3 g5
28.Kf2 Rc8 29.Ne2 Kf7 30.g3 fxg3+ 31.hxg3 Nf5 32.Rxd5 Kg6 33.g4 Nh4 34.c4 
h5 35.Nd4 hxg4 36.fxg4 Rc7 37.c5 1-0

[Event "73rd NED-ch"]
[Site "Amsterdam NED"]
[Date "2017.06.27"]
[Round "2"]
[White "Bok, Benjamin"]
[Black "Van Foreest, Jorden"]
[Result "0-1"]
[WhiteElo "2600"]
[BlackElo "2606"]
[EventDate "2017.06.26"]
[PlyCount "48"]

1.Nf3 d5 2.g3 Bg4 3.Bg2 Nc6 4.d4 Qd7 5.O-O O-O-O 6.c4 dxc4 7.Be3 e5 8.d5 
Nge7 9.Nc3 Nxd5 10.Nxd5 Qxd5 11.Qc2 Bxf3 12.Bxf3 Qe6 13.Rfc1 a6 14.Bxc6 
Qxc6 15.Qf5+ Rd7 16.Qxe5 Be7 17.Qxg7 Bf6 18.Qg4 h5 19.Qf4 Rhd8 20.f3 Bxb2 
21.Rxc4 Be5 22.Qh4 Qe6 23.Rac1 Bxg3 24.Qe4 Qh3 0-1

[Event "73rd NED-ch"]
[Site "Amsterdam NED"]
[Date "2017.06.27"]
[Round "2"]
[White "Burg, Twan"]
[Black "Van den Doel, Erik"]
[Result "1/2-1/2"]
[WhiteElo "2518"]
[BlackElo "2573"]
[EventDate "2017.06.26"]
[PlyCount "52"]

1.e4 e5 2.Nf3 Nc6 3.d4 exd4 4.Nxd4 Nf6 5.Nc3 Bb4 6.Nxc6 bxc6 7.Bd3 d5 8.
exd5 O-O 9.O-O cxd5 10.h3 c6 11.Qf3 Bd6 12.Re1 Re8 13.Rxe8+ Qxe8 14.Bf4 
Qe7 15.b3 Bxf4 16.Qxf4 Bb7 17.Na4 c5 18.Qe3 Qxe3 19.fxe3 Rc8 20.c4 dxc4 
21.Bxc4 Kf8 22.Rc1 Ke7 23.Bd3 Kd6 24.Rd1 Ke7 25.Rc1 Kd6 26.Rd1 Ke7 1/2-1/2

[Event "73rd NED-ch"]
[Site "Amsterdam NED"]
[Date "2017.06.27"]
[Round "2"]
[White "l`Ami, Erwin"]
[Black "Van Wely, Loek"]
[Result "1-0"]
[WhiteElo "2610"]
[BlackElo "2675"]
[EventDate "2017.06.26"]
[PlyCount "89"]

1.e4 c5 2.Nf3 e6 3.d4 cxd4 4.Nxd4 Nc6 5.Nc3 d6 6.Be3 Nf6 7.f4 e5 8.Nf3 Ng4
9.Qd2 Nxe3 10.Qxe3 exf4 11.Qxf4 Be7 12.O-O-O O-O 13.Nd5 Re8 14.Kb1 Bf8 15.
Bc4 Be6 16.Rhf1 Rb8 17.Ng5 Ne5 18.Bb3 Be7 19.Nf3 Bxd5 20.Nxe5 Bg5 21.Qxf7+
Bxf7 22.Nxf7 Qc7 23.Nxg5+ Kh8 24.Nf7+ Kg8 25.Nxd6+ Kh8 26.Nf7+ Kg8 27.Rd8 
Qe7 28.Rxe8+ Rxe8 29.Nd6+ Kh8 30.Nxe8 Qxe8 31.e5 h5 32.e6 Kh7 33.a4 b5 34.
axb5 Qxb5 35.Re1 Qb4 36.c3 Qe7 37.Bc2+ Kg8 38.c4 Kf8 39.Bg6 h4 40.c5 Kg8 
41.Bc2 Kf8 42.c6 Ke8 43.c7 Qxc7 44.e7 Qc6 45.Re4 1-0

[Event "73rd NED-ch"]
[Site "Amsterdam NED"]
[Date "2017.06.27"]
[Round "2"]
[White "Sokolov, Ivan"]
[Black "Ernst, Sipke"]
[Result "1/2-1/2"]
[WhiteElo "2625"]
[BlackElo "2535"]
[EventDate "2017.06.26"]
[PlyCount "90"]

1.d4 d5 2.c4 e6 3.Nf3 Nf6 4.Nc3 Bb4 5.e3 O-O 6.Bd2 c5 7.a3 Bxc3 8.Bxc3 
cxd4 9.Bxd4 Nc6 10.Bc5 Re8 11.cxd5 exd5 12.Be2 Ne4 13.Bd4 Nxd4 14.Nxd4 Qb6
15.Qb3 Qg6 16.Bf3 Bg4 17.Bxg4 Qxg4 18.O-O Nd2 19.Qd1 Qxd1 20.Rfxd1 Nc4 21.
b3 Na5 22.Nb5 Re5 23.Rd3 g5 24.Rad1 h6 25.h4 gxh4 26.Nc7 Rc8 27.Nxd5 Rc2 
28.Nf4 b6 29.Rd8+ Kg7 30.R1d7 Nxb3 31.Rxa7 Nc5 32.Rc8 Ra2 33.Rcc7 Rf5 34.
f3 Ra1+ 35.Kh2 Re1 36.Re7 Kf8 37.Nh3 Re2 38.e4 Rf6 39.Rec7 Nd3 40.Ra8+ Kg7
41.Rcc8 Rg6 42.Rg8+ Kf6 43.Rxg6+ fxg6 44.Rf8+ Kg7 45.Nf4 Nxf4 1/2-1/2

[Event "73rd NED-ch"]
[Site "Amsterdam NED"]
[Date "2017.06.28"]
[Round "3"]
[White "Ernst, Sipke"]
[Black "Bok, Benjamin"]
[Result "1/2-1/2"]
[WhiteElo "2535"]
[BlackElo "2600"]
[EventDate "2017.06.26"]
[PlyCount "33"]

1.d4 d5 2.c4 e6 3.Nf3 Nf6 4.Nc3 c6 5.e3 Nbd7 6.Qc2 Bd6 7.Bd3 O-O 8.O-O 
dxc4 9.Bxc4 e5 10.a3 Qe7 11.h3 Bc7 12.Ba2 Re8 13.Ng5 Rf8 14.Nf3 Re8 15.Ng5
Rf8 16.Nf3 Re8 17.Ng5 1/2-1/2

[Event "73rd NED-ch"]
[Site "Amsterdam NED"]
[Date "2017.06.28"]
[Round "3"]
[White "Van Foreest, Jorden"]
[Black "l`Ami, Erwin"]
[Result "1-0"]
[WhiteElo "2606"]
[BlackElo "2610"]
[EventDate "2017.06.26"]
[PlyCount "71"]

1.e4 c6 2.d4 d5 3.e5 Bf5 4.Nc3 e6 5.g4 Bg6 6.Nge2 Be7 7.Be3 Nd7 8.Qd2 h5 
9.Nf4 hxg4 10.Nxg6 fxg6 11.O-O-O Nh6 12.Be2 Nf5 13.Bxg4 Qa5 14.a3 b5 15.
Bg5 Bf8 16.Ne2 b4 17.Nf4 Nb6 18.b3 Qxa3+ 19.Kb1 Rb8 20.Nxg6 Rh7 21.Bxf5 
exf5 22.e6 Na4 23.bxa4 b3 24.c3 b2 25.h4 Bd6 26.Kc2 Qxa4+ 27.Kd3 Qc4+ 28.
Ke3 Rb3 29.Kf3 Rxc3+ 30.Kg2 Qb3 31.Rb1 Rc2 32.Rh3 Qc4 33.Qa5 Be7 34.Nxe7 
Rxf2+ 35.Kxf2 Qc2+ 36.Qd2 1-0

[Event "73rd NED-ch"]
[Site "Amsterdam NED"]
[Date "2017.06.28"]
[Round "3"]
[White "Van Wely, Loek"]
[Black "Burg, Twan"]
[Result "1/2-1/2"]
[WhiteElo "2675"]
[BlackElo "2518"]
[EventDate "2017.06.26"]
[PlyCount "127"]

1.Nf3 d5 2.d4 Nf6 3.c4 e6 4.Nc3 dxc4 5.e4 Bb4 6.Bg5 c5 7.e5 cxd4 8.Nxd4 
Bxc3+ 9.bxc3 Qa5 10.exf6 Qxg5 11.fxg7 Qxg7 12.Qd2 O-O 13.Bxc4 Rd8 14.Qe3 
Bd7 15.O-O Nc6 16.Nf3 Ne7 17.Ne5 Ng6 18.f4 Rac8 19.Be2 Be8 20.Rf3 Qf8 21.
Qxa7 Qc5+ 22.Qxc5 Rxc5 23.Nxg6 hxg6 24.c4 Rd2 25.Bf1 Bc6 26.Rf2 Rd4 27.g3 
Kf8 28.Rb2 Ke7 29.Kf2 Kd6 30.Ke3 e5 31.Bd3 f5 32.Rd2 Ke6 33.Rb1 Ra5 34.
Rbb2 Rd7 35.Bc2 exf4+ 36.gxf4 Rxd2 37.Kxd2 Ra8 38.Kc3 Kf6 39.Bd1 g5 40.
fxg5+ Kxg5 41.Rf2 Rf8 42.Bf3 Bxf3 43.Rxf3 Ra8 44.Rf2 f4 45.Kd4 Kf5 46.c5 
Rd8+ 47.Kc4 Rd7 48.a4 Ke4 49.Re2+ Kf3 50.Re6 Kg2 51.Rg6+ Kxh2 52.a5 f3 53.
a6 bxa6 54.Rh6+ Kg2 55.Rg6+ Kf1 56.Rxa6 f2 57.Rf6 Rd1 58.c6 Kg2 59.Kb5 
f1=Q+ 60.Rxf1 Kxf1 61.c7 Rc1 62.Kb6 Ke2 63.Kb7 Rxc7+ 64.Kxc7 1/2-1/2

[Event "73rd NED-ch"]
[Site "Amsterdam NED"]
[Date "2017.06.28"]
[Round "3"]
[White "Van den Doel, Erik"]
[Black "Sokolov, Ivan"]
[Result "1/2-1/2"]
[WhiteElo "2573"]
[BlackElo "2625"]
[EventDate "2017.06.26"]
[PlyCount "69"]

1.e4 c6 2.d4 d5 3.exd5 cxd5 4.c4 Nf6 5.Nc3 Nc6 6.Nf3 e6 7.cxd5 Nxd5 8.Bd3 
Be7 9.O-O O-O 10.Re1 Bf6 11.Be4 Nce7 12.Ne5 Nf5 13.Ng4 Bh4 14.g3 Nxc3 15.
bxc3 Be7 16.Rb1 Nd6 17.Bg2 Bd7 18.Ne5 Rc8 19.d5 exd5 20.Nxd7 Qxd7 21.Qxd5 
Rfd8 22.Bf4 Bf8 23.Bxd6 Qxd6 24.Qxd6 Rxd6 25.Rxb7 Rd2 26.Bh3 Rcd8 27.Bf1 
Bc5 28.Re2 g6 29.Rb8 Kg7 30.Rxd8 Rxd8 31.Kg2 f5 32.Re5 Bb6 33.c4 Rd2 34.c5
Kf6 35.Re2 1/2-1/2

[Event "73rd NED-ch"]
[Site "Amsterdam NED"]
[Date "2017.06.29"]
[Round "4"]
[White "Burg, Twan"]
[Black "Van Foreest, Jorden"]
[Result "1/2-1/2"]
[WhiteElo "2518"]
[BlackElo "2606"]
[EventDate "2017.06.26"]
[PlyCount "86"]

1.e4 c6 2.d4 d5 3.e5 c5 4.Nf3 cxd4 5.Nxd4 e6 6.c4 Bc5 7.Nc3 Ne7 8.cxd5 
exd5 9.Bb5+ Nbc6 10.O-O O-O 11.Nxc6 bxc6 12.Bd3 Ng6 13.Na4 Bb6 14.Nxb6 
axb6 15.f4 f6 16.exf6 Qxf6 17.Be3 Qxb2 18.Bxg6 hxg6 19.Rf2 Qb4 20.Rb1 Qe4 
21.Bxb6 Rxf4 22.Rxf4 Qxf4 23.Qd4 Qxd4+ 24.Bxd4 Kf7 25.Rf1+ Bf5 26.g4 Ra4 
27.Rf4 c5 28.Be5 Rxf4 29.Bxf4 Bxg4 30.Bd6 c4 31.Kf2 d4 32.Be5 d3 33.Ke3 
Ke6 34.Bxg7 Bd1 35.Kd2 Ba4 36.Bh6 Kf5 37.h4 Ke4 38.Kc3 Bb5 39.Bd2 Kf3 40.
Bg5 Ke2 41.Bd2 Ba4 42.Bg5 Bb3 43.a3 Ba4 1/2-1/2

[Event "73rd NED-ch"]
[Site "Amsterdam NED"]
[Date "2017.06.29"]
[Round "4"]
[White "l`Ami, Erwin"]
[Black "Ernst, Sipke"]
[Result "1/2-1/2"]
[WhiteElo "2610"]
[BlackElo "2535"]
[EventDate "2017.06.26"]
[PlyCount "117"]

1.d4 Nf6 2.c4 e6 3.Nc3 Bb4 4.Nf3 O-O 5.Qc2 c5 6.dxc5 Na6 7.g3 Nxc5 8.Bg2 
b6 9.O-O Bxc3 10.Qxc3 Bb7 11.Be3 Qe7 12.Rfd1 d6 13.Rac1 Rfc8 14.Qa3 e5 15.
Bg5 Nce4 16.Bxf6 Qxf6 17.Qe3 Rc7 18.Nd2 Nxd2 19.Bxb7 Rxb7 20.Rxd2 Rc7 21.
Rcd1 Rd8 22.Qe4 g6 23.b3 Kg7 24.Rd5 Qe7 25.Qd3 Rc6 26.e4 h5 27.h4 Qe6 28.
Kg2 Kh7 29.a4 a5 30.Rd2 Qe7 31.Qe3 Rc5 32.R5d3 Kg7 33.Qf3 Rc6 34.Qd1 Qe6 
35.Rd5 Qe7 36.R2d3 Kg8 37.Qd2 Kg7 38.Kg1 Kh7 39.Qg5 f6 40.Qd2 Kg7 41.Kg2 
Qe6 42.c5 bxc5 43.Qxa5 Qe7 44.Qd2 Qc7 45.a5 Qb8 46.Kh2 Rd7 47.Qd1 Rd8 48.
Rd2 Qc7 49.Ra2 Ra6 50.Qd2 Rb8 51.Qd3 Rba8 52.Rd2 Rc6 53.Rxd6 Rxd6 54.Qxd6 
Qxd6 55.Rxd6 Rxa5 56.Rd7+ Kf8 57.Rb7 Ra2 58.Kg2 Rb2 59.Rb5 1/2-1/2

[Event "73rd NED-ch"]
[Site "Amsterdam NED"]
[Date "2017.06.29"]
[Round "4"]
[White "Sokolov, Ivan"]
[Black "Bok, Benjamin"]
[Result "1/2-1/2"]
[WhiteElo "2625"]
[BlackElo "2600"]
[EventDate "2017.06.26"]
[PlyCount "80"]

1.d4 Nf6 2.c4 g6 3.Nc3 d5 4.Bf4 Bg7 5.e3 O-O 6.Rc1 Be6 7.c5 c6 8.Nf3 Bg4 
9.Be2 Bxf3 10.Bxf3 Nbd7 11.O-O Re8 12.Qb3 Qc8 13.Rfd1 e5 14.dxe5 Nxe5 15.
Be2 Ned7 16.Qa3 Bf8 17.b4 a5 18.b5 Nxc5 19.Qb2 Qe6 20.bxc6 bxc6 21.Bf3 a4 
22.Ne2 a3 23.Qc2 Nfe4 24.Nd4 Qf6 25.h3 h5 26.h4 Ra4 27.Bxe4 Rxe4 28.Bg5 
Qd6 29.Qb1 Re8 30.Rc3 Ra6 31.Rdc1 Ne4 32.Rxc6 Rxc6 33.Rxc6 Rb8 34.Qc1 Qd7 
35.Bf4 Rb2 36.f3 Nd2 37.Qc3 Rb1+ 38.Kf2 Rb2 39.Kg1 Rb1+ 40.Kf2 Rb2 1/2-1/2

[Event "73rd NED-ch"]
[Site "Amsterdam NED"]
[Date "2017.06.29"]
[Round "4"]
[White "Van den Doel, Erik"]
[Black "Van Wely, Loek"]
[Result "0-1"]
[WhiteElo "2573"]
[BlackElo "2675"]
[EventDate "2017.06.26"]
[PlyCount "104"]

1.e4 c5 2.Nf3 d6 3.Bb5+ Nc6 4.O-O Bd7 5.Re1 Nf6 6.c3 a6 7.Bf1 Bg4 8.d4 
cxd4 9.cxd4 e5 10.d5 Nd4 11.Be3 Bxf3 12.gxf3 Nd7 13.f4 Qh4 14.Nd2 Be7 15.
Rc1 O-O 16.Bxd4 exd4 17.Qf3 Bg5 18.fxg5 Qxg5+ 19.Qg3 Qxd2 20.Qxd6 Rad8 21.
Qg3 Rfe8 22.Rcd1 Qxb2 23.e5 d3 24.e6 fxe6 25.dxe6 Nc5 26.e7 Rd4 27.Bxd3 
Nxd3 28.Rxd3 Qb4 29.Kf1 Qc4 30.Re3 Rxd3 31.Rxd3 Rxe7 32.Qd6 Rf7 33.a3 h6 
34.Kg1 Qg4+ 35.Kf1 Qc4 36.Kg1 Qg4+ 37.Kf1 Qf4 38.Qxf4 Rxf4 39.Rd7 b5 40.
Ke2 Ra4 41.Rd3 Kf7 42.Re3 Kf6 43.h3 Kf5 44.Rf3+ Ke5 45.Rd3 Re4+ 46.Kf3 Rd4
47.Rc3 Kd5 48.Ke2 a5 49.Ke3 g5 50.Ke2 b4 51.axb4 axb4 52.Rc8 Rh4 0-1

[Event "73rd NED-ch"]
[Site "Amsterdam NED"]
[Date "2017.06.30"]
[Round "5"]
[White "Bok, Benjamin"]
[Black "l`Ami, Erwin"]
[Result "1/2-1/2"]
[WhiteElo "2600"]
[BlackElo "2610"]
[EventDate "2017.06.26"]
[PlyCount "86"]

1.Nf3 Nf6 2.g3 c5 3.Bg2 Nc6 4.O-O e5 5.c4 Be7 6.Nc3 O-O 7.d3 a6 8.Bg5 Rb8 
9.Bxf6 Bxf6 10.Nd2 b5 11.cxb5 axb5 12.Rc1 Be7 13.a3 Nd4 14.e3 Ne6 15.Nd5 
Bb7 16.Qb3 Kh8 17.Nxe7 Bxg2 18.Kxg2 Qxe7 19.Qd5 d6 20.b4 Ra8 21.Rc3 f6 22.
Rb1 Rfd8 23.h4 Ra7 24.Ne4 Nc7 25.Qc6 cxb4 26.axb4 d5 27.Qc5 Qxc5 28.Nxc5 
d4 29.exd4 Rxd4 30.Na6 Rxa6 31.Rxc7 h5 32.Rb3 Ra4 33.Rb7 Raxb4 34.Rxb5 
Rxb5 35.Rxb5 Rxd3 36.f4 exf4 37.Rxh5+ Kg8 38.gxf4 Kf7 39.Ra5 Kg6 40.Rb5 
Ra3 41.Rc5 Kh6 42.Rb5 g6 43.f5 Ra2+ 1/2-1/2

[Event "73rd NED-ch"]
[Site "Amsterdam NED"]
[Date "2017.06.30"]
[Round "5"]
[White "Ernst, Sipke"]
[Black "Burg, Twan"]
[Result "1-0"]
[WhiteElo "2535"]
[BlackElo "2518"]
[EventDate "2017.06.26"]
[PlyCount "65"]

1.d4 Nf6 2.c4 e6 3.Nf3 d5 4.e3 a6 5.b3 c5 6.Bb2 cxd4 7.exd4 Nc6 8.Nbd2 b6 
9.Bd3 Be7 10.O-O Bb7 11.Qe2 Nb4 12.Bb1 Nc6 13.a3 O-O 14.Bd3 Nh5 15.g3 Nf6 
16.Rac1 Re8 17.Rfd1 h6 18.h4 Bf8 19.Bb1 Rc8 20.Ne5 dxc4 21.bxc4 b5 22.Ne4 
Nxe4 23.Bxe4 bxc4 24.Nxf7 Qc7 25.Nxh6+ gxh6 26.d5 Nd4 27.Bxd4 exd5 28.Qg4+
Bg7 29.Bf5 Rb8 30.Qg6 Kf8 31.Be6 Re7 32.Rc3 Bxd4 33.Qg8# 1-0

[Event "73rd NED-ch"]
[Site "Amsterdam NED"]
[Date "2017.06.30"]
[Round "5"]
[White "Van Foreest, Jorden"]
[Black "Van den Doel, Erik"]
[Result "0-1"]
[WhiteElo "2606"]
[BlackElo "2573"]
[EventDate "2017.06.26"]
[PlyCount "82"]

1.d4 Nf6 2.Bf4 e6 3.Nf3 c5 4.e3 cxd4 5.exd4 b6 6.Nbd2 Be7 7.c3 O-O 8.Bd3 
Ba6 9.Nc4 d5 10.Nce5 Bxd3 11.Qxd3 Ne4 12.O-O f6 13.Ng4 h5 14.Ne3 Nc6 15.
Nh4 g5 16.f3 gxf4 17.fxe4 fxe3 18.exd5 f5 19.Nxf5 Qxd5 20.Nxe3 Qg5 21.Qe4 
Qh6 22.Nc4 Rac8 23.Kh1 Rxf1+ 24.Rxf1 Rf8 25.Re1 Nd8 26.Ne5 Bd6 27.Nf3 Qg7 
28.Qd3 Kh8 29.a4 Rg8 30.Qd2 Qg6 31.Qf2 Qf5 32.Qe2 Qg4 33.Qc2 Nf7 34.Re4 
Qf5 35.Qe2 Ng5 36.Nxg5 Qxg5 37.g3 Rg6 38.Kg2 Bxg3 39.Qf3 Bd6+ 40.Kh3 Rf6 
41.Qe2 Bf4 0-1

[Event "73rd NED-ch"]
[Site "Amsterdam NED"]
[Date "2017.06.30"]
[Round "5"]
[White "Van Wely, Loek"]
[Black "Sokolov, Ivan"]
[Result "1/2-1/2"]
[WhiteElo "2675"]
[BlackElo "2625"]
[EventDate "2017.06.26"]
[PlyCount "93"]

1.Nf3 Nf6 2.c4 b6 3.g3 Bb7 4.Bg2 g6 5.O-O Bg7 6.d4 O-O 7.Qc2 c5 8.d5 b5 9.
e4 bxc4 10.Nbd2 e6 11.dxe6 dxe6 12.e5 Nfd7 13.Nxc4 Nc6 14.Bf4 Rb8 15.Rfe1 
Qc7 16.Qd2 Rfd8 17.Qe3 Nb4 18.Qe2 Nb6 19.Nd6 Ba6 20.Qd1 Nd3 21.Re4 Nxf4 
22.Rxf4 Nc4 23.Qa4 Nxe5 24.Nxe5 Bxe5 25.Nxf7 Rd4 26.Rxd4 Bxd4 27.Nh6+ Kg7 
28.Qxa6 Kxh6 29.Rb1 Qe5 30.Qd3 Rf8 31.Qd2+ Qg5 32.Qxg5+ Kxg5 33.Rf1 Bxb2 
34.f4+ Kf6 35.Be4 Rd8 36.Kg2 c4 37.Kf3 e5 38.Bc2 Bc3 39.Rd1 Bd2 40.Ke2 c3 
41.fxe5+ Kxe5 42.Rb1 a5 43.Rb5+ Kd4 44.Rxa5 Re8+ 45.Kf3 Rf8+ 46.Ke2 Re8+ 
47.Kf3 1/2-1/2

[Event "73rd NED-ch"]
[Site "Amsterdam NED"]
[Date "2017.07.01"]
[Round "6"]
[White "Burg, Twan"]
[Black "Bok, Benjamin"]
[Result "0-1"]
[WhiteElo "2518"]
[BlackElo "2600"]
[EventDate "2017.06.26"]
[PlyCount "40"]

1.e4 c6 2.d4 d5 3.e5 Bf5 4.Nf3 e6 5.Be2 Nd7 6.O-O h6 7.Nbd2 Ne7 8.Nb3 g5 
9.Ne1 Qc7 10.f4 O-O-O 11.Nd3 Ng6 12.fxg5 hxg5 13.Bxg5 f6 14.g4 Bxd3 15.
Bxd3 Ngxe5 16.Bf4 Bd6 17.dxe5 fxe5 18.Bg5 e4 19.Bxd8 Bc5+ 20.Nxc5 Qxh2# 
0-1

[Event "73rd NED-ch"]
[Site "Amsterdam NED"]
[Date "2017.07.01"]
[Round "6"]
[White "Sokolov, Ivan"]
[Black "l`Ami, Erwin"]
[Result "1/2-1/2"]
[WhiteElo "2625"]
[BlackElo "2610"]
[EventDate "2017.06.26"]
[PlyCount "99"]

1.d4 Nf6 2.c4 e6 3.Nf3 Bb4+ 4.Bd2 Bxd2+ 5.Qxd2 O-O 6.g3 d5 7.Bg2 c6 8.O-O 
Nbd7 9.Na3 b6 10.Rac1 Bb7 11.Rfd1 Qb8 12.b4 Rc8 13.Qb2 a5 14.b5 cxb5 15.
Qxb5 Ba6 16.Qb3 Ra7 17.Nd2 Rac7 18.e4 dxc4 19.Qc3 b5 20.Qxa5 Qb6 21.Qxb6 
Nxb6 22.Nc2 Bb7 23.f3 Na4 24.Nb4 Nb2 25.Re1 Rd8 26.Nb1 Rxd4 27.Nc3 Rc5 28.
Bf1 g5 29.Rb1 Nd3 30.Nxd3 cxd3 31.Nxb5 Rd7 32.g4 Rc2 33.Red1 Rxa2 34.Bxd3 
Kg7 35.Bc4 Rad2 36.Rxd2 Rxd2 37.Nc7 Bc6 38.Rb6 Bd7 39.e5 Ne8 40.Nxe8+ Bxe8
41.Rb3 Bc6 42.Re3 h5 43.gxh5 Kh6 44.Rc3 Be8 45.Bd3 Kxh5 46.Be4 Bd7 47.Rd3 
Rxd3 48.Bxd3 Bc6 49.Kf2 Kh4 50.Bf1 1/2-1/2

[Event "73rd NED-ch"]
[Site "Amsterdam NED"]
[Date "2017.07.01"]
[Round "6"]
[White "Van Wely, Loek"]
[Black "Van Foreest, Jorden"]
[Result "1-0"]
[WhiteElo "2675"]
[BlackElo "2606"]
[EventDate "2017.06.26"]
[PlyCount "123"]

1.Nf3 d5 2.g3 g6 3.Bg2 Bg7 4.c4 d4 5.d3 e5 6.O-O a5 7.Na3 Ne7 8.Nc2 Nbc6 
9.Rb1 O-O 10.Nd2 b6 11.b3 Bb7 12.a3 Qc8 13.Nf3 Nd8 14.e3 Ne6 15.exd4 exd4 
16.b4 Re8 17.b5 Nf5 18.Bb2 Rb8 19.Re1 Qd7 20.Ne5 Bxe5 21.Bxb7 Rxb7 22.Rxe5
Rbb8 23.h4 c6 24.bxc6 Qxc6 25.Ba1 Re7 26.Nxd4 Nfxd4 27.Bxd4 Nxd4 28.Rxe7 
Nf3+ 29.Kf1 Nh2+ 30.Kg1 Nf3+ 31.Kf1 Nh2+ 32.Ke2 Qf3+ 33.Ke1 Qg2 34.Re3 Nf1
35.Re4 Nh2 36.Kd2 Qxf2+ 37.Qe2 Qxg3 38.Kc3 h5 39.Re1 Kg7 40.Re7 Qxh4 41.
Kb3 Ng4 42.Rf1 Rf8 43.Rb7 Qg3 44.Rf3 Qd6 45.Ka2 Qc6 46.Re7 b5 47.Rf4 bxc4 
48.dxc4 Qd6 49.Qb2+ Kg8 50.Rfe4 Nf6 51.Re2 h4 52.Qc3 Qc6 53.Qd4 h3 54.Rf2 
Nh5 55.Re3 Qh1 56.Qb2 a4 57.Qe2 Qg1 58.Rxh3 Rb8 59.Rf1 Qd4 60.Rhf3 Qd6 61.
Rxf7 Ng3 62.Qh2 1-0

[Event "73rd NED-ch"]
[Site "Amsterdam NED"]
[Date "2017.07.01"]
[Round "6"]
[White "Van den Doel, Erik"]
[Black "Ernst, Sipke"]
[Result "1/2-1/2"]
[WhiteElo "2573"]
[BlackElo "2535"]
[EventDate "2017.06.26"]
[PlyCount "91"]

1.e4 e5 2.Nf3 Nc6 3.Bb5 a6 4.Ba4 Nf6 5.O-O Be7 6.Re1 b5 7.Bb3 O-O 8.h3 Bb7
9.d3 d6 10.a3 Nb8 11.Nbd2 Nbd7 12.Nf1 h6 13.Ng3 Re8 14.Nf5 Bf8 15.Nh2 Nc5 
16.Ba2 Ne6 17.Ng4 Kh7 18.Qf3 Nxg4 19.hxg4 Qf6 20.Qh3 Kg8 21.Qf3 Kh7 22.g3 
g6 23.Nd4 Qxf3 24.Nxf3 f5 25.gxf5 gxf5 26.Bd5 Bxd5 27.exd5 Ng7 28.Bd2 c6 
29.dxc6 Rac8 30.a4 Rxc6 31.axb5 axb5 32.c3 Rc7 33.Kg2 Be7 34.Ra6 Rb8 35.
Rh1 h5 36.d4 e4 37.Ng5+ Kg8 38.Nh3 b4 39.Nf4 bxc3 40.Bxc3 Kf7 41.Nd5 Rd7 
42.Nxe7 Kxe7 43.d5 Kf7 44.Rha1 Ne8 45.Ra7 Rbb7 46.Rxb7 1/2-1/2

[Event "73rd NED-ch"]
[Site "Amsterdam NED"]
[Date "2017.07.02"]
[Round "7"]
[White "Bok, Benjamin"]
[Black "Van den Doel, Erik"]
[Result "1/2-1/2"]
[WhiteElo "2600"]
[BlackElo "2573"]
[EventDate "2017.06.26"]
[PlyCount "125"]

1.d4 Nf6 2.c4 c6 3.Nf3 d5 4.e3 Bf5 5.Nc3 e6 6.Nh4 Bg6 7.Bd2 Nbd7 8.Nxg6 
hxg6 9.Qc2 a6 10.O-O-O b5 11.c5 Ng4 12.Be1 Rxh2 13.Rxh2 Nxh2 14.Bd3 Qg5 
15.f4 Qg4 16.g3 Qh5 17.e4 Be7 18.Qg2 Ng4 19.Bd2 Qh2 20.Qf3 Nf2 21.Re1 
Nxd3+ 22.Qxd3 Qg2 23.Re2 Qf1+ 24.Kc2 Nf6 25.exd5 b4 26.Na4 Nxd5 27.Nb6 
Nxb6 28.cxb6 a5 29.f5 a4 30.fxe6 b3+ 31.axb3 axb3+ 32.Kc3 Qa1 33.Qc4 Qa5+ 
34.Kxb3 Qxb6+ 35.Kc2 f5 36.Rh2 O-O-O 37.Bc3 Kb7 38.Rh1 Qb5 39.Qxb5+ cxb5 
40.Rh7 Bf6 41.d5 Bxc3 42.Kxc3 Rxd5 43.Rxg7+ Kc6 44.Rxg6 Re5 45.e7+ Kd7 46.
Rg7 Rxe7 47.Rxe7+ Kxe7 48.Kb4 Kf6 49.Kxb5 Kg5 50.b4 Kg4 51.Kc4 Kxg3 52.b5 
f4 53.b6 f3 54.b7 f2 55.b8=Q+ Kg2 56.Qg8+ Kh1 57.Qd5+ Kg1 58.Qg5+ Kh1 59.
Qf4 Kg2 60.Qg4+ Kh1 61.Qf3+ Kg1 62.Qg3+ Kh1 63.Qxf2 1/2-1/2

[Event "73rd NED-ch"]
[Site "Amsterdam NED"]
[Date "2017.07.02"]
[Round "7"]
[White "Ernst, Sipke"]
[Black "Van Wely, Loek"]
[Result "1/2-1/2"]
[WhiteElo "2535"]
[BlackElo "2675"]
[EventDate "2017.06.26"]
[PlyCount "199"]

1.d4 Nf6 2.c4 g6 3.Nc3 d5 4.cxd5 Nxd5 5.e4 Nxc3 6.bxc3 Bg7 7.Qa4+ Nd7 8.
Nf3 O-O 9.Be2 c5 10.O-O e5 11.Bg5 Qc7 12.Rac1 a6 13.Qa3 b6 14.Qb3 Bb7 15.
d5 b5 16.a4 c4 17.Qb1 Nc5 18.axb5 axb5 19.Nd2 Ra5 20.Be3 Rfa8 21.Bxc5 Qxc5
22.Nxc4 Ra2 23.Rfe1 Bh6 24.Rcd1 Rxe2 25.Rxe2 Qxc4 26.Rb2 Ra5 27.Rb4 Qc5 
28.c4 Ba6 29.d6 Bg5 30.g3 Ra4 31.Rxa4 bxa4 32.d7 Bd8 33.Qb8 Qa5 34.c5 a3 
35.Qb6 Qxb6 36.cxb6 Kf8 37.Rd5 Ke7 38.Rxe5+ Kxd7 39.Rd5+ Kc8 40.Ra5 Bb7 
41.Rxa3 Bxe4 42.Re3 Bc6 43.g4 h6 44.Rh3 Bg5 45.Ra3 Bd5 46.Ra7 Bd8 47.Ra5 
Bc6 48.Ra7 Bb7 49.Ra3 Bf6 50.Rh3 Bg7 51.Rd3 Bc6 52.Ra3 Bd5 53.Ra7 Bf6 54.
Rc7+ Kb8 55.h3 Be6 56.Rc1 Bd4 57.Kg2 Bxb6 58.Rc3 Bd5+ 59.f3 Kb7 60.Kg3 
Bc7+ 61.Kf2 Bf4 62.Rc2 Kb6 63.Rc3 Kb5 64.Rc8 Be6 65.Ra8 Kc5 66.Ra4 Bc4 67.
Ra5+ Kd4 68.Ra3 Bc1 69.Ra7 Be3+ 70.Kg3 Kd3 71.Rc7 Be6 72.Rb7 Ke2 73.Rb5 f5
74.gxf5 gxf5 75.f4 Bf2+ 76.Kg2 Bd4 77.Ra5 Bd7 78.Ra6 Bc8 79.Ra2+ Ke3 80.
Kg3 Bd7 81.Ra6 Bc3 82.Ra3 Kd4 83.Ra6 Ke4 84.Rd6 Ba4 85.Re6+ Kd4 86.Rxh6 
Be1+ 87.Kg2 Bc2 88.h4 Ke3 89.h5 Be4+ 90.Kh2 Kxf4 91.Rg6 Ke3 92.h6 f4 93.h7
Bc3 94.Rh6 Bh8 95.Re6 f3 96.Kg3 Bd4 97.Re8 f2 98.h8=Q Bxh8 99.Rxe4+ Kxe4 
100.Kxf2 1/2-1/2

[Event "73rd NED-ch"]
[Site "Amsterdam NED"]
[Date "2017.07.02"]
[Round "7"]
[White "l`Ami, Erwin"]
[Black "Burg, Twan"]
[Result "1-0"]
[WhiteElo "2610"]
[BlackElo "2518"]
[EventDate "2017.06.26"]
[PlyCount "59"]

1.Nf3 d5 2.e3 Nf6 3.b3 Bf5 4.Bb2 e6 5.Bd3 Bxd3 6.cxd3 Nbd7 7.Nc3 Bd6 8.h3 
O-O 9.g4 c6 10.Ne2 Qe7 11.Qc2 Rac8 12.g5 Nh5 13.d4 c5 14.Rc1 c4 15.bxc4 
Rxc4 16.Qb1 Rxc1+ 17.Nxc1 f5 18.Ne2 f4 19.e4 dxe4 20.Qxe4 Qf7 21.Nc3 Nb6 
22.O-O Qf5 23.Qxf5 Rxf5 24.Ne4 Bf8 25.Rc1 Rb5 26.Rc2 g6 27.Kg2 Nd5 28.Bc1 
Ra5 29.Ne5 Ng7 30.Rc8 1-0